000 00472nam a22001697a 4500
003 IT-RoPau
005 20220918181103.0
008 130415b xxu||||| |||| 00| 0 eng d
040 _cIT-RoPau
100 _aFamiglia Paolina
_998
245 _aSan Paolo 1995
_bBollettino Ufficiale della Provincia Italia
250 _a1° ed
260 _aRoma
_bSSP Provincia Italia
_c1995
300 _c21 cm
500 _aIndice Marzo, Giugno, Ottobre, Dicembre
942 _2ddc
_cCR
999 _c98358
_d98358